00886cam a22002411 4500001001300000003000400013005001700017008004100034010001700075025002000092035001900112040001900131042001200150050002300162100001900185245011500204260010900319300002500428490010700453504002500560650004200585999001700627sa 67002575 DLC20260227112331.0790221s1965 ii b 000 0 eng  asa 67002575  aPL480: I-E-6592 a(OCoLC)4677271 aDLCcNAlUdDLC apremarc00aKNS2790b.P67 19651 aPophale, G. L.12aA quarter century of direct taxation in India, 1939-1964,ba historical-cum-critical survey,cby G.L. Pophale. aBombay,bIMC Economic Research and Training Foundation, Sir Purshotamdas Thakurdas Research Wingc[1965] axliv, 475 p.c23 cm.0 aResearch publication series / Indian Merchants' Chamber Economic Research and Training Foundation ;v6 aBibliography: p. xv. 0aTaxationxLaw and legislationzIndia. c73310d73310